000 00664nas a2200241 4500
001 BR9204701
003 BR-BrBNA
005 20231205092751.0
007 ta
008 230509b bl.|||p| |||| 00| 00por d
040 _aBR-BrBNA
_bpor
_cBiblioteca Nacional de Agricultura
041 _a(Pt)
072 _aF04
100 1 _aMakishima, N.
100 1 _aCouto, F.A.A.
245 1 _aEnsaio de adubacao do morangueiro (Fragaria sp)
650 _aMORANGO
650 _aADUBACAO
650 _aNITROGENIO
773 0 _tRevista de Olericultura (Brazil)
_x
_g(1964), v. 4 p. 193-201
_wBR9204701
909 _a202311
_bLúcia
_c55
_dLúcia Elande
942 _2AGRIS
_n0
_cANA
999 _c134027
_d134027